Datum a čas kvízu
39
Celkem bodů
Celkový počet nahraných bodů na tomto kvízu bez doplňovacích otázek.
1.
Pořadí na kvízu
Konečné umístění týmu na tomto kvízu.
Zaznamenané odpovědi
| # | Otázka | Odpověď | Body | Výsledky |
|---|---|---|---|---|
| 1. | Kvůli volně pohybujícímu se di... | los | 0 | |
| 2. | Která sopka se v pondělí probu... | Etna | 1 | |
| 3. | V pondělí byla slavnostně zahá... | Jakub Prachař | 1 | |
| 4. | Jak se nazývá česká letecká sp... | Smartwings | 1 | |
| 5. | Jak se jmenují vítězové mužské... | Carlos Alcaraz; Coco Gauff | 0.5 | |
| 6. | Který slavný muž sepsal na kon... | Eukleidés | 1 | |
| 7. | Nyní uvidíte krátký úryvek z p... | Bible | 1 | |
| 8. | Nejslavnější dílo Charlese Dar... | přírodním/přirozeným výběrem | 1 | |
| 9. | Za půl bodu uveďte, ze kterého... | Komunistický manifest (Manifest Komunistické strany); Marx a Engels | 1 | |
| 10. | Ať už jste či nejste fanoušky... | Medek, Pavel a Vladimír | 0 |